Spalovací komory spalovacích turbin

Uložené v:
Podrobná bibliografia
Hlavný autor: Veselý, Stanislav (Autor)
Médium: Kniha
Jazyk:Czech
Vydavateľské údaje: Brno : Galant Brno, 2007
Vydanie:1. vyd.
Predmet:
On-line prístup:OBSAH
Tagy: Pridať tag
Žiadne tagy, Buďte prvý, kto otaguje tento záznam!

MARC

LEADER 00000nam a22000003a 4500
001 stu175511
005 20150617225559.5
008 081106s2007----xr------------------cze-d
020 |a 80-239-6657-X 
040 |a STU  |b slo 
041 0 |a cze 
044 |a xr 
080 |a 621.438 
100 1 |a Veselý, Stanislav  |4 aut 
245 1 |a Spalovací komory spalovacích turbin 
250 |a 1. vyd. 
260 |a Brno :  |b Galant Brno,  |c 2007 
300 |a 1149 s 
650 7 |a spaľovacie turbíny  |2 stusub 
856 4 |a https://sweb.mtf.stuba.sk/obsahy/spolovaci_komory_spalovacich_turbin_07.pdf  |u https://sweb.mtf.stuba.sk/obsahy/spolovaci_komory_spalovacich_turbin_07.pdf  |3 OBSAH 
996 |b 284M069485  |c M*12396-1  |l MMST  |s A  |a 24  |w stu175511_0001 
996 |b 284J034725  |c J*110525  |l JJST  |s P  |a 0  |w stu175511_0002